ARRUPE JESUIT UNIVERSITY

CORONAVIRUS -STOP THE SPREAD - CLEAN,DISINFECT,COVER

The ambiguous frog : (Record no. 121797)

MARC details
000 -LEADER
fixed length control field 01315pam a2200325 a 4500
001 - CONTROL NUMBER
control field 2958651
003 - CONTROL NUMBER IDENTIFIER
control field ARRUPE
005 - DATE AND TIME OF LATEST TRANSACTION
control field 20150120134455.0
008 - FIXED-LENGTH DATA ELEMENTS--GENERAL INFORMATION
fixed length control field 910313s1992 njua b 001 0 eng
010 ## - LIBRARY OF CONGRESS CONTROL NUMBER
LC control number 91003077
020 ## - INTERNATIONAL STANDARD BOOK NUMBER
International Standard Book Number 0691085129 (alk. paper) :
Terms of availability $29.95
040 ## - CATALOGING SOURCE
Original cataloging agency DLC
Transcribing agency DLC
Modifying agency DLC
041 1# - LANGUAGE CODE
Language code of text/sound track or separate title eng
Language code of original and/or intermediate translations of text ita
050 00 - LIBRARY OF CONGRESS CALL NUMBER
Classification number QP341
Item number .P4713 1992
082 00 - DEWEY DECIMAL CLASSIFICATION NUMBER
Classification number 591.19/127
Edition number 20
300 ## - PHYSICAL DESCRIPTION
Other physical details ill. ;
Dimensions 25 cm.
100 1# - MAIN ENTRY--PERSONAL NAME
Personal name Pera, Marcello,
Dates associated with a name 1943-
9 (RLIN) 14317
240 10 - UNIFORM TITLE
Uniform title <a href="Rana ambigua.">Rana ambigua.</a>
Language of a work English
245 14 - TITLE STATEMENT
Title The ambiguous frog :
Remainder of title the Galvani-Volta controversy on animal electricity /
Statement of responsibility, etc Marcello Pera ; translated by Jonathan Mandelbaum.
260 ## - PUBLICATION, DISTRIBUTION, ETC. (IMPRINT)
Place of publication, distribution, etc Princeton, N.J. :
Name of publisher, distributor, etc Princeton University Press,
Date of publication, distribution, etc c1992.
300 ## - PHYSICAL DESCRIPTION
Extent xxvi, 203 p. :
500 ## - GENERAL NOTE
General note Translation of: La rana ambigua.
504 ## - BIBLIOGRAPHY, ETC. NOTE
Bibliography, etc Includes bibliographical references (p. [189]-200) and index.
600 10 - SUBJECT ADDED ENTRY--PERSONAL NAME
Personal name Galvani, Luigi,
Dates associated with a name 1737-1798.
9 (RLIN) 14318
600 10 - SUBJECT ADDED ENTRY--PERSONAL NAME
Personal name Volta, Alessandro,
Dates associated with a name 1745-1827.
9 (RLIN) 14319
650 #0 - SUBJECT ADDED ENTRY--TOPICAL TERM
Topical term or geographic name as entry element Electrophysiology
General subdivision History.
9 (RLIN) 14320
856 42 - ELECTRONIC LOCATION AND ACCESS
Materials specified Publisher description
Uniform Resource Identifier <a href="http://www.loc.gov/catdir/description/prin031/91003077.html">http://www.loc.gov/catdir/description/prin031/91003077.html</a>
906 ## - LOCAL DATA ELEMENT F, LDF (RLIN)
a 7
b cbc
c orignew
d 1
e ocip
f 19
g y-gencatlg
942 ## - ADDED ENTRY ELEMENTS (KOHA)
Source of classification or shelving scheme Library of Congress Classification
Koha item type Monograph ( Printed materials)
Holdings
Withdrawn status Lost status Source of classification or shelving scheme Damaged status Not for loan Collection code Home library Current library Shelving location Date acquired Total Checkouts Full call number Barcode Date last seen Copy number Price effective from Koha item type
    Library of Congress Classification     Main Collection ARRUPE LIBRARY ARRUPE LIBRARY Main Collection 20/01/2015   QP341 .P4713 1992 46500003158 02/07/2019 1 20/01/2015 Monograph ( Printed materials)

 

Arrupe Library. PO Box MP320 Mt Pleasant, Harare, Zimbabwe
263 242 745411|librarian@aju.ac.zw